[Event "OPEN 2024"]
[Site "SAINT DENIS LA REUNION"]
[Date "2024.10.12"]
[Round "3.10"]
[White "Lai-Cheung-Kit, Guillaume"]
[Black "Davy, Igor"]
[Result "0-1"]
[WhiteElo "1528"]
[BlackElo "1928"]
[PlyCount "30"]
[EventDate "2024.??.??"]

1. e4 c5 2. Nf3 g6 3. d4 cxd4 4. Nxd4 Bg7 5. Nc3 Nc6 6. Be3 Nf6 7. f3 O-O 8.
Bc4 Qb6 9. Nxc6 Qxe3+ 10. Qe2 Qxe2+ 11. Bxe2 bxc6 12. O-O-O Rb8 13. Rd3 d5 14.
Rhd1 Ba6 15. Re3 Bh6 0-1

[Event "OPEN 2024"]
[Site "SAINT DENIS LA REUNION"]
[Date "2024.10.12"]
[Round "4.1"]
[White "Daniel, Antoine"]
[Black "Libiszewski, Fabien"]
[Result "0-1"]
[WhiteElo "1975"]
[BlackElo "2492"]
[PlyCount "76"]
[EventDate "2024.??.??"]

1. g3 g6 2. Bg2 Bg7 3. c4 Nf6 4. Nc3 O-O 5. e3 e5 6. Nge2 d6 7. O-O Nbd7 8. Rb1
Re8 9. d3 Nb6 10. e4 c6 11. f4 exf4 12. Nxf4 Bg4 13. Qc2 Nbd7 14. b3 Nh5 15.
Nxh5 Bd4+ 16. Kh1 Bxh5 17. Ne2 Bxe2 18. Qxe2 Ne5 19. Be3 Bxe3 20. Qxe3 c5 21.
d4 cxd4 22. Qxd4 Qa5 23. Rf2 Rad8 24. Rbf1 Re7 25. h4 h5 26. Bh3 Nc6 27. Qd5
Qxd5 28. exd5 Ne5 29. Rf6 Kg7 30. c5 dxc5 31. d6 Ree8 32. d7 Re7 33. Rd6 f5 34.
Bxf5 gxf5 35. Rxf5 Nf7 36. Rdd5 b6 37. Rxh5 Rexd7 38. Rxd7 Rxd7 0-1

[Event "OPEN 2024"]
[Site "SAINT DENIS LA REUNION"]
[Date "2024.10.12"]
[Round "4.2"]
[White "Rosamel, Manua"]
[Black "Mezouaghi, Miloud"]
[Result "0-1"]
[WhiteElo "1818"]
[BlackElo "2034"]
[PlyCount "80"]
[EventDate "2024.??.??"]

1. e4 c5 2. Nf3 e6 3. d4 cxd4 4. Nxd4 a6 5. Nc3 b5 6. Bd3 Bb7 7. Qe2 b4 8. Nd1
Qc7 9. O-O Nc6 10. Be3 Ne5 11. Rc1 Nf6 12. h3 d5 13. f4 Nc4 14. e5 Nxe3 15.
Nxe3 Ne4 16. Rfd1 Bc5 17. c3 bxc3 18. Bxe4 dxe4 19. Rxc3 Qb6 20. Rb3 Qa7 21.
Qc4 Bd5 22. Nxd5 exd5 23. Qa4+ Ke7 24. Kf1 Bxd4 25. Rxd4 Rhd8 26. Rdb4 Rd7 27.
Rb6 Qc7 28. Qb4+ Ke8 29. Rb8+ Rxb8 30. Qxb8+ Qxb8 31. Rxb8+ Ke7 32. Rb6 Rc7 33.
Rb3 Rc2 34. g3 Ke6 35. g4 d4 36. Ke1 d3 37. Kd1 Kd5 38. Rb4 e3 39. Rb3 Ke4 40.
Rb4+ Kf3 0-1

[Event "OPEN 2024"]
[Site "SAINT DENIS LA REUNION"]
[Date "2024.10.12"]
[Round "4.3"]
[White "Delestage, Raphael"]
[Black "Riviere, Etienne"]
[Result "0-1"]
[WhiteElo "1787"]
[BlackElo "1977"]
[PlyCount "78"]
[EventDate "2024.??.??"]

1. e4 d6 2. d4 Nf6 3. Nc3 c6 4. a4 Qa5 5. Bd2 e5 6. d5 Qc7 7. Nf3 Bg4 8. Be2
Be7 9. O-O O-O 10. a5 Nbd7 11. b4 Rac8 12. Ne1 Bxe2 13. Qxe2 cxd5 14. exd5 Qc4
15. Qxc4 Rxc4 16. Rb1 Rfc8 17. Rb3 a6 18. Nd3 Ne4 19. Nxe4 Rxe4 20. Re1 Rd4 21.
b5 Rxc2 22. bxa6 bxa6 23. Be3 Rxd5 24. Rb7 Rxd3 25. Rxd7 Bf8 26. Ra7 d5 27. Bb6
Rdc3 28. Kf1 f6 29. Rxa6 Bc5 30. Ra8+ Kf7 31. Bxc5 Rxc5 32. a6 Ra2 33. Rb1 d4
34. f4 e4 35. a7 d3 36. Ke1 d2+ 37. Kd1 e3 38. f5 Rc1+ 39. Rxc1 e2+ 0-1

[Event "OPEN 2024"]
[Site "SAINT DENIS LA REUNION"]
[Date "2024.10.12"]
[Round "4.4"]
[White "Fondrat, Johan"]
[Black "Lam Kin Cheung, Stephane"]
[Result "1-0"]
[WhiteElo "2051"]
[BlackElo "1694"]
[PlyCount "105"]
[EventDate "2024.??.??"]

1. e4 c5 2. Nf3 Nc6 3. c3 Nf6 4. e5 Nd5 5. Bc4 Nb6 6. Bb3 g6 7. d4 cxd4 8. Ng5
e6 9. cxd4 Bg7 10. Ne4 O-O 11. Bg5 Ne7 12. O-O h6 13. Nf6+ Bxf6 14. Bxf6 d5 15.
Qg4 Nd7 16. Bh4 g5 17. f4 f5 18. Qg3 g4 19. h3 h5 20. Nc3 a6 21. Bxd5 exd5 22.
Nxd5 Rf7 23. e6 Rg7 24. exd7 Bxd7 25. Nxe7+ Rxe7 26. Qa3 Kf7 27. Bxe7 Qxe7 28.
Qxe7+ Kxe7 29. Rfe1+ Kf6 30. h4 Bc6 31. g3 Rd8 32. Rad1 Be4 33. Kf2 Ke6 34. Ke3
Rd5 35. Rc1 Ra5 36. a3 Rb5 37. b4 a5 38. Rc5 Rxc5 39. dxc5 axb4 40. axb4 Kd5
41. Rc1 Bf3 42. b5 Ke6 43. Kd4 Be4 44. Re1 Kd7 45. Rxe4 fxe4 46. Kxe4 Kc7 47.
f5 b6 48. c6 Kd6 49. f6 Kc7 50. f7 Kb8 51. f8=Q+ Ka7 52. Qe7+ Kb8 53. Qb7# 1-0

[Event "OPEN 2024"]
[Site "SAINT DENIS LA REUNION"]
[Date "2024.10.12"]
[Round "4.5"]
[White "Quere, Alexandre"]
[Black "Boyer, Mathis"]
[Result "1-0"]
[WhiteElo "1989"]
[BlackElo "1682"]
[PlyCount "53"]
[EventDate "2024.??.??"]

1. e4 e6 2. d4 d5 3. e5 c5 4. c3 Nc6 5. Nf3 Qb6 6. a3 cxd4 7. cxd4 Nge7 8. Nc3
Nf5 9. Na4 Qd8 10. b4 a6 11. h4 g6 12. Bg5 Be7 13. g4 h6 14. gxf5 hxg5 15. f6
Bf8 16. Nxg5 b5 17. Rc1 Nxd4 18. Qxd4 bxa4 19. Bd3 Bh6 20. Qf4 Rg8 21. Ke2 Bd7
22. h5 Bb5 23. hxg6 Bxd3+ 24. Kxd3 Bxg5 25. Qxg5 fxg6 26. Rh7 Rc8 27. f7+ 1-0

[Event "OPEN 2024"]
[Site "SAINT DENIS LA REUNION"]
[Date "2024.10.12"]
[Round "4.6"]
[White "Frelicot, Eric"]
[Black "Gretry, Patrice"]
[Result "0-1"]
[WhiteElo "1668"]
[BlackElo "1953"]
[PlyCount "62"]
[EventDate "2024.??.??"]

1. d4 Nf6 2. Bf4 e6 3. e3 b6 4. Nf3 Be7 5. Nbd2 Bb7 6. Bd3 c5 7. c3 Nc6 8. Nc4
d6 9. Qe2 Nh5 10. Bg3 b5 11. Ncd2 a6 12. O-O O-O 13. Bc2 Nxg3 14. fxg3 Rc8 15.
h4 b4 16. Ne4 bxc3 17. bxc3 cxd4 18. exd4 Qc7 19. Neg5 g6 20. d5 exd5 21. h5
Ne5 22. Nxe5 dxe5 23. Nh3 Qxc3 24. Rac1 Bc5+ 25. Kh2 Be3 26. hxg6 hxg6 27. Bxg6
Bxc1 28. Qh5 fxg6 29. Qxg6+ Kh8 30. Rxc1 Qxc1 31. Ng5 Qc7 0-1

[Event "OPEN 2024"]
[Site "SAINT DENIS LA REUNION"]
[Date "2024.10.12"]
[Round "4.7"]
[White "Davy, Igor"]
[Black "Larroque, Luca"]
[Result "0-1"]
[WhiteElo "1928"]
[BlackElo "1655"]
[PlyCount "96"]
[EventDate "2024.??.??"]

1. e4 c5 2. d4 cxd4 3. c3 Nf6 4. e5 Nd5 5. Nf3 Nc6 6. cxd4 d6 7. exd6 e6 8. Nc3
Nxc3 9. bxc3 Bxd6 10. Bd3 h6 11. O-O O-O 12. Be3 Qc7 13. Rc1 Bd7 14. c4 b6 15.
Bb1 e5 16. d5 Ne7 17. Qc2 Bf5 18. Qb3 Bxb1 19. Qxb1 f5 20. Rfd1 f4 21. Bd2 a5
22. Qe4 Rf5 23. Bc3 Raf8 24. Rb1 g5 25. h3 Ng6 26. Rb2 h5 27. h4 gxh4 28. Rdb1
Bc5 29. Rb5 Qd6 30. Re1 h3 31. gxh3 R8f7 32. Nxe5 Nxe5 33. Bxe5 Qg6+ 34. Kh2
Bxf2 35. Rb3 Bxe1 36. Qxe1 Re7 37. d6 Rfxe5 38. Qf1 Qxd6 39. Qg1+ Kh8 40. Rxb6
Qd2+ 41. Kh1 R5e6 42. Rb8+ Re8 43. Qa1+ Kh7 44. Rb7+ R6e7 45. Qb1+ Kh6 46. Rb6+
Re6 47. Qg1 Qe3 48. Qxe3 fxe3 0-1

[Event "OPEN 2024"]
[Site "SAINT DENIS LA REUNION"]
[Date "2024.10.12"]
[Round "4.8"]
[White "Allel, Gerard"]
[Black "Folio, Thomas"]
[Result "1/2-1/2"]
[WhiteElo "1611"]
[BlackElo "1850"]
[PlyCount "75"]
[EventDate "2024.??.??"]

1. c4 c5 2. Nc3 Nc6 3. g3 g6 4. Bg2 Bg7 5. Nf3 e5 6. O-O Nge7 7. e3 O-O 8. Qc2
d6 9. Nd5 Be6 10. e4 h6 11. d3 Rc8 12. Be3 f5 13. exf5 Bxf5 14. Qd2 Kh7 15. Nh4
b6 16. Nxf5 Nxf5 17. Be4 Ncd4 18. Bxd4 Nxd4 19. f4 Nf5 20. fxe5 Bxe5 21. Bxf5
gxf5 22. Kh1 Rf7 23. Qg2 Qg5 24. Rf2 Rcf8 25. Raf1 h5 26. b3 Kg7 27. Rf3 Rh8
28. h4 Qg6 29. Nf4 Bxf4 30. Rxf4 Re8 31. Kh2 Re5 32. Qf3 Kh6 33. Rf2 Kg7 34.
Kh3 Qg4+ 35. Kg2 Qg6 36. Kh2 Kh7 37. Kg2 Kg7 38. Kh2 1/2-1/2

[Event "OPEN 2024"]
[Site "SAINT DENIS LA REUNION"]
[Date "2024.10.12"]
[Round "4.9"]
[White "Andriandaza, Tombo Omar"]
[Black "Krafft, Alice"]
[Result "1-0"]
[WhiteElo "1849"]
[BlackElo "1592"]
[PlyCount "87"]
[EventDate "2024.??.??"]

1. e4 c6 2. d4 d5 3. e5 Bf5 4. g4 Bc8 5. Bd3 g6 6. Bf4 Qb6 7. Be2 Qxb2 8. Nd2
Qxd4 9. Ndf3 Qxf4 10. Rb1 Qxg4 11. h4 Qd7 12. Ng5 e6 13. h5 Nh6 14. hxg6 hxg6
15. Rb3 Bg7 16. Rbh3 Qe7 17. f4 f6 18. exf6 Qxf6 19. Bd3 Nf5 20. Bxf5 Rxh3 21.
Bxh3 Qxf4 22. N1f3 Qe3+ 23. Kf1 Ke7 24. Kg2 Bd4 25. Bg4 b5 26. Rh7+ Ke8 27. Qh1
Qe2+ 28. Kg3 Nd7 29. Nxe6 Be5+ 30. Nxe5 Qxe5+ 31. Kh4 Qf6+ 32. Ng5 Ne5 33. Bxc8
Rxc8 34. Qc1 Qf4+ 35. Kh3 Qf5+ 36. Kg3 Qg4+ 37. Kf2 Qf5+ 38. Ke1 Kd8 39. Qe3
Qxc2 40. Qxe5 Qc1+ 41. Kf2 Qc2+ 42. Kg3 Qc3+ 43. Qxc3 Rc7 44. Qh8# 1-0

[Event "OPEN 2024"]
[Site "SAINT DENIS LA REUNION"]
[Date "2024.10.12"]
[Round "4.10"]
[White "Calmels, Nicolas"]
[Black "Carnazzi, Gabriel"]
[Result "1/2-1/2"]
[WhiteElo "1803"]
[BlackElo "1643"]
[PlyCount "193"]
[EventDate "2024.??.??"]

1. Nf3 d5 2. d3 Nf6 3. Nbd2 Bf5 4. g3 Nc6 5. Bg2 Qd7 6. Nb3 e5 7. h3 h5 8. Bg5
O-O-O 9. c3 Bd6 10. Nh4 Be6 11. Qc2 Be7 12. O-O-O d4 13. e3 dxc3 14. bxc3 Ba3+
15. Kb1 Ne7 16. e4 Qb5 17. Ka1 Rd6 18. f4 Bxb3 19. Qxb3 Qxb3 20. axb3 Ra6 21.
Kb1 exf4 22. Bxf4 Nd7 23. Kc2 Bd6 24. Ra1 Rxa1 25. Rxa1 Bxf4 26. gxf4 a6 27. b4
Rg8 28. Nf3 f6 29. d4 g5 30. f5 g4 31. Nh4 gxh3 32. Bxh3 Rg3 33. Rh1 Kd8 34.
Bf1 Re3 35. Bd3 Rg3 36. Ng6 Nxg6 37. fxg6 Rxg6 38. Rxh5 Rg7 39. Rf5 c6 40. c4
Ke7 41. Ra5 Kd6 42. b5 axb5 43. cxb5 c5 44. Ra4 cxd4 45. Rxd4+ Ke6 46. Rd5 b6
47. Bf1 Rg3 48. Bc4 Ke7 49. Rf5 Ne5 50. Bd5 Ra3 51. Rf1 Ra5 52. Rb1 Kd6 53. Rf1
Ng4 54. Kd3 Rxb5 55. Rf4 Ne5+ 56. Kc3 Rc5+ 57. Kd4 Ke7 58. Rf1 Nd7 59. Ra1 Kd6
60. Ra6 Rb5 61. Bc4 Ra5 62. Bd3 Rxa6 63. Bxa6 Nc5 64. Bb5 Ne6+ 65. Kc3 Ke5 66.
Be8 Nc5 67. Kb4 Nxe4 68. Kb5 f5 69. Kxb6 f4 70. Bd7 f3 71. Bh3 Kf4 72. Kb5 Kg3
73. Bf1 Kf2 74. Bh3 Kg3 75. Bf1 Nd2 76. Bd3 f2 77. Kb4 Kf3 78. Kc3 Ne4+ 79. Kc2
Ke3 80. Bb5 Ng3 81. Kd1 Ne4 82. Bf1 Nc3+ 83. Kc2 Ne2 84. Kd1 Ng3 85. Ba6 Ne4
86. Bf1 Kf3 87. Bd3 Nc3+ 88. Kd2 Nd5 89. Be2+ Kg2 90. Bc4 Nf4 91. Ke3 Nh3 92.
Bd5+ Kg3 93. Bc4 Ng1 94. Bf1 Nf3 95. Ba6 Kg2 96. Bb5 Ng1 97. Ba6 1/2-1/2

[Event "OPEN 2024"]
[Site "SAINT DENIS LA REUNION"]
[Date "2024.10.12"]
[Round "5.1"]
[White "Libiszewski, Fabien"]
[Black "Mezouaghi, Miloud"]
[Result "1-0"]
[WhiteElo "2492"]
[BlackElo "2034"]
[PlyCount "53"]
[EventDate "2024.??.??"]

1. e4 c5 2. Nf3 Nc6 3. Bb5 Nf6 4. Nc3 g6 5. h3 Qc7 6. O-O Bg7 7. Bxc6 dxc6 8.
d3 O-O 9. Be3 b6 10. Qc1 e5 11. a4 Nh5 12. a5 Rb8 13. Re1 Nf4 14. Bxf4 exf4 15.
e5 f6 16. axb6 axb6 17. Qxf4 fxe5 18. Qe3 Re8 19. Ne4 h6 20. Ra4 b5 21. Ra3 c4
22. dxc4 bxc4 23. Ra7 Qd8 24. Qc5 Be6 25. Rxg7+ Kxg7 26. Qxe5+ Kf7 27. Nd6+ 1-0

[Event "OPEN 2024"]
[Site "SAINT DENIS LA REUNION"]
[Date "2024.10.12"]
[Round "5.2"]
[White "Riviere, Etienne"]
[Black "Fondrat, Johan"]
[Result "1-0"]
[WhiteElo "1977"]
[BlackElo "2051"]
[PlyCount "53"]
[EventDate "2024.??.??"]

1. d4 d5 2. Nf3 Nf6 3. e3 e6 4. Bd3 c5 5. c3 Nc6 6. Nbd2 Be7 7. O-O O-O 8. Qe2
cxd4 9. exd4 Qc7 10. Ne5 Nxe5 11. dxe5 Nd7 12. f4 b6 13. Nf3 Nc5 14. Nd4 Nxd3
15. Qxd3 a5 16. Qg3 Ba6 17. Re1 Rfe8 18. f5 exf5 19. Nxf5 Bc5+ 20. Kh1 f6 21.
Bf4 g5 22. Bxg5 fxg5 23. Qxg5+ Kf8 24. e6 h6 25. Qf6+ Kg8 26. e7 Rxe7 27. Rxe7
1-0

[Event "OPEN 2024"]
[Site "SAINT DENIS LA REUNION"]
[Date "2024.10.12"]
[Round "5.3"]
[White "Quere, Alexandre"]
[Black "Delestage, Raphael"]
[Result "1-0"]
[WhiteElo "1989"]
[BlackElo "1787"]
[PlyCount "83"]
[EventDate "2024.??.??"]

1. e4 d6 2. d4 Nf6 3. Nc3 Nbd7 4. f4 e5 5. Nf3 exd4 6. Qxd4 c6 7. Bd2 Qb6 8.
O-O-O Qxd4 9. Nxd4 Nc5 10. Re1 Bd7 11. e5 dxe5 12. fxe5 Nd5 13. Nxd5 cxd5 14.
Nb5 Ne6 15. Be2 Bc5 16. Nd6+ Bxd6 17. exd6 O-O-O 18. Bf3 Bc6 19. Bb4 Ng5 20.
Bg4+ Kb8 21. Re7 h5 22. Bf5 g6 23. h4 gxf5 24. hxg5 d4 25. Rxf7 Bxg2 26. Rg1
Be4 27. g6 Rhg8 28. g7 h4 29. Be1 h3 30. Bg3 Bc6 31. Bh2 Bd7 32. Re1 a6 33.
Ree7 Bc6 34. d7+ Ka7 35. Bc7 Bd5 36. Rxf5 h2 37. Bxh2 Be6 38. Rxe6 Rxg7 39. Bc7
Rg1+ 40. Kd2 Rg2+ 41. Kd3 Rg3+ 42. Ke2 1-0

[Event "OPEN 2024"]
[Site "SAINT DENIS LA REUNION"]
[Date "2024.10.12"]
[Round "5.4"]
[White "Payet, Nathan"]
[Black "Daniel, Antoine"]
[Result "0-1"]
[WhiteElo "1761"]
[BlackElo "1975"]
[PlyCount "72"]
[EventDate "2024.??.??"]

1. e4 Nf6 2. e5 Nd5 3. c4 Nb6 4. b3 e6 5. Bb2 Be7 6. d4 d6 7. Nf3 dxe5 8. Nxe5
Nc6 9. Nxc6 bxc6 10. Nd2 O-O 11. Bd3 Bf6 12. Nf3 Rb8 13. h4 h6 14. g4 e5 15. g5
e4 16. Bxe4 Re8 17. Ne5 Bxe5 18. dxe5 Qxd1+ 19. Rxd1 Nxc4 20. Bc3 Nxe5 21. Bxe5
Bf5 22. Bxc7 Rxe4+ 23. Kf1 Rbe8 24. Ba5 Bg4 25. Re1 Be2+ 26. Rxe2 Rxe2 27. gxh6
Rxa2 28. Bc3 Rc2 29. Bxg7 Rc1+ 30. Kg2 Rxh1 31. Kxh1 Rb8 32. Bd4 a6 33. Kg2
Rxb3 34. Ba1 a5 35. f3 a4 36. Kg3 a3 0-1

[Event "OPEN 2024"]
[Site "SAINT DENIS LA REUNION"]
[Date "2024.10.12"]
[Round "5.5"]
[White "Gretry, Patrice"]
[Black "Desire, Michael"]
[Result "1-0"]
[WhiteElo "1953"]
[BlackElo "1781"]
[PlyCount "101"]
[EventDate "2024.??.??"]

1. Nf3 d5 2. b3 Nf6 3. Bb2 c5 4. e3 Nc6 5. d4 Bf5 6. Be2 e6 7. O-O Bd6 8. dxc5
Bxc5 9. Nc3 Bd6 10. Nb5 Bb8 11. Nbd4 Be4 12. Bb5 Qc7 13. g3 h5 14. Nxc6 bxc6
15. Ba4 h4 16. Be5 Qc8 17. Bxb8 Rxb8 18. Ne5 hxg3 19. f3 Qc7 20. Nxc6 Kf8 21.
fxe4 g2 22. Rf4 Nxe4 23. Qf3 Ng5 24. Qg3 Nh3+ 25. Kxg2 Nxf4+ 26. Qxf4 Qxf4 27.
exf4 Rc8 28. Rc1 Rc7 29. c4 dxc4 30. Rxc4 g6 31. b4 Kg7 32. Bb3 Rd7 33. Rc2 Rc8
34. b5 Rb7 35. a4 a6 36. Bc4 axb5 37. Bxb5 Rbc7 38. Kf3 Kf6 39. Ke4 Rh8 40. Kd4
Rh4 41. Kc5 Rxf4 42. Kb6 Rd7 43. a5 Rh4 44. Rf2+ Kg7 45. a6 Rh8 46. a7 f6 47.
Nb8 Rxa7 48. Kxa7 e5 49. Nd7 Rd8 50. Nxf6 Rf8 51. Ne8+ 1-0

[Event "OPEN 2024"]
[Site "SAINT DENIS LA REUNION"]
[Date "2024.10.12"]
[Round "5.6"]
[White "Hoarau, Antoine"]
[Black "Andriandaza, Tombo Omar"]
[Result "1-0"]
[WhiteElo "1722"]
[BlackElo "1849"]
[PlyCount "97"]
[EventDate "2024.??.??"]

1. d4 Nf6 2. c4 g6 3. f3 d6 4. e4 Nbd7 5. Nc3 Bg7 6. Nge2 c6 7. Ng3 e5 8. d5 c5
9. Nb5 Nb6 10. Be2 a6 11. Nc3 h5 12. O-O h4 13. Nh1 Nh5 14. Nf2 Nf4 15. Kh1 Qg5
16. Rg1 Qe7 17. Rb1 Nh5 18. Re1 Nf4 19. a3 Nh5 20. b4 Nd7 21. Na4 b6 22. Be3
Bh6 23. Bxh6 Rxh6 24. bxc5 bxc5 25. Nb6 Nxb6 26. Rxb6 Nf4 27. Nd3 g5 28. Bf1
Kf8 29. Nxc5 Qc7 30. Rc6 Qa5 31. Nb3 Qxa3 32. c5 Bd7 33. Rb6 Bb5 34. Bxb5 axb5
35. Qa1 b4 36. c6 Qxb3 37. Qxa8+ Kg7 38. Rb8 Kg6 39. Rg8+ Kh5 40. Qc8 Rg6 41.
Qg4+ Kh6 42. Rxg6+ Kxg6 43. Qf5+ Kg7 44. Qxg5+ Kf8 45. Qxh4 Qc2 46. Rg1 Ne2 47.
Qd8+ Kg7 48. c7 Nxg1 49. c8=Q 1-0

[Event "OPEN 2024"]
[Site "SAINT DENIS LA REUNION"]
[Date "2024.10.12"]
[Round "5.7"]
[White "Larroque, Luca"]
[Black "Rosamel, Manua"]
[Result "1-0"]
[WhiteElo "1655"]
[BlackElo "1818"]
[PlyCount "101"]
[EventDate "2024.??.??"]

1. e4 c5 2. Nf3 d6 3. d4 cxd4 4. Nxd4 Nf6 5. Nc3 a6 6. h3 e5 7. Nf3 Be7 8. g4
Be6 9. Ng5 Bc8 10. Nxf7 Kxf7 11. g5 Nfd7 12. Bc4+ Ke8 13. Qf3 Nb6 14. Bf7+ Kd7
15. Be3 Rf8 16. Bxb6 Qxb6 17. O-O-O Nc6 18. Nd5 Qa5 19. Kb1 Kd8 20. Qh5 Bd7 21.
g6 h6 22. Nxe7 Nxe7 23. Rxd6 Kc7 24. Rhd1 Rfd8 25. Qh4 Nc6 26. c3 Rac8 27. f4
Qc5 28. R6d5 Qe7 29. f5 Qg5 30. Qf2 Be8 31. h4 Qf6 32. Bxe8 Rxe8 33. Rd7+ Kb8
34. Qb6 Nd8 35. Qxf6 gxf6 36. Rh7 Nc6 37. Rdd7 Red8 38. Rxb7+ Ka8 39. Kc2 Nd4+
40. Kb1 Nc6 41. Rbc7 Kb8 42. Rxc8+ Kxc8 43. Kc2 Rg8 44. Rxh6 Ne7 45. h5 Kd7 46.
Rh7 Kd6 47. h6 Nxg6 48. fxg6 Rxg6 49. Rh8 Ke7 50. h7 Rh6 51. Ra8 1-0

[Event "OPEN 2024"]
[Site "SAINT DENIS LA REUNION"]
[Date "2024.10.12"]
[Round "5.8"]
[White "Folio, Thomas"]
[Black "Bah, Ismael"]
[Result "1-0"]
[WhiteElo "1850"]
[BlackElo "1707"]
[PlyCount "145"]
[EventDate "2024.??.??"]

1. e4 d5 2. exd5 Qxd5 3. Nc3 Qd8 4. d4 Bf5 5. Nf3 Nf6 6. Bc4 e6 7. O-O Be7 8.
Ne2 c6 9. Ng3 Bg6 10. Bg5 h6 11. Bxf6 Bxf6 12. c3 Nd7 13. Qe2 O-O 14. Rad1 Qc7
15. Rfe1 Rad8 16. h4 Qa5 17. b4 Qb6 18. h5 Bh7 19. Ne4 Be7 20. g4 Qc7 21. Qd2
Nb6 22. Bb3 Nd5 23. Bxd5 exd5 24. Ng3 Bd6 25. Kg2 Bf4 26. Qe2 Qc8 27. Nh4 Bg5
28. Nhf5 Qd7 29. Qe5 Bf6 30. Nxh6+ Kh8 31. Qf4 Qd6 32. Qxd6 Rxd6 33. Nhf5 Rd7
34. f4 g5 35. hxg6 fxg6 36. g5 Bd8 37. Nh6 Bc7 38. Ne2 Re7 39. Ng4 Re6 40. Nf6
Rf7 41. Kf3 Bd8 42. Nxh7 Rxh7 43. Rh1 Ree7 44. Ng3 Kg8 45. Rxh7 Kxh7 46. Rh1+
Kg8 47. Rh2 Bc7 48. Re2 Rf7 49. Re8+ Kg7 50. Ne2 a5 51. a3 axb4 52. axb4 Bd6
53. Re6 Bc7 54. Kg4 Bb8 55. Re3 Bc7 56. Rf3 Re7 57. Ng3 Re1 58. f5 Bxg3 59. f6+
Kf7 60. Rxg3 b5 61. Kf4 Re4+ 62. Kf3 Re1 63. Kf2 Re4 64. Re3 Rg4 65. Re5 Rh4
66. Kg2 Rg4+ 67. Kf3 Rg1 68. Re7+ Kf8 69. Kf4 Rf1+ 70. Ke5 Rf5+ 71. Ke6 Rxg5
72. Rh7 Kg8 73. f7+ 1-0

[Event "OPEN 2024"]
[Site "SAINT DENIS LA REUNION"]
[Date "2024.10.12"]
[Round "5.9"]
[White "Mansard, Gregoire"]
[Black "Calmels, Nicolas"]
[Result "1-0"]
[WhiteElo "1443"]
[BlackElo "1803"]
[PlyCount "90"]
[EventDate "2024.??.??"]

1. e4 c6 2. d4 d5 3. Nc3 dxe4 4. Nxe4 Nf6 5. Nxf6+ exf6 6. Bc4 Bb4+ 7. c3 Be7
8. Nf3 O-O 9. O-O Bf5 10. Bf4 Nd7 11. Re1 Nb6 12. Bb3 Re8 13. Qd2 Nd5 14. Bg3
Qd7 15. Nh4 Bg4 16. Bxd5 Qxd5 17. h3 Bd7 18. Qd3 Qh5 19. Nf3 Bf5 20. Qd2 Bxh3
21. gxh3 Qxf3 22. Qe3 Qf5 23. Bh2 Qd7 24. Qg3 Rac8 25. Qg4 Qd5 26. Rxe7 f5 27.
Rxe8+ Rxe8 28. Qg2 Re4 29. Be5 f6 30. Bxf6 Qf7 31. Be5 h6 32. Kh1 Kh7 33. Rg1
g5 34. f3 Rh4 35. Bg3 Rh5 36. b3 Qd5 37. Be5 g4 38. fxg4 Rxh3+ 39. Bh2 Rf3 40.
gxf5 Rxf5 41. Qxd5 Rxd5 42. Be5 Rd7 43. Kg2 Kg6 44. Kf3+ Kf5 45. Rg7 Rd8 1-0

[Event "OPEN 2024"]
[Site "SAINT DENIS LA REUNION"]
[Date "2024.10.12"]
[Round "5.10"]
[White "Carnazzi, Gabriel"]
[Black "Sawmynaden, Righen Peroumal"]
[Result "1-0"]
[WhiteElo "1643"]
[BlackElo "1744"]
[PlyCount "87"]
[EventDate "2024.??.??"]

1. d4 d5 2. c4 c6 3. cxd5 cxd5 4. Bf4 Nc6 5. e3 Nf6 6. Nc3 Qa5 7. Nf3 g6 8. h3
Bg7 9. Bb5 Ne4 10. Bxc6+ bxc6 11. Qa4 Qxa4 12. Nxa4 c5 13. Nxc5 Nxc5 14. dxc5
Bxb2 15. Rb1 Bc3+ 16. Kd1 O-O 17. Nd4 Re8 18. Bc7 Ba6 19. Rb3 Rac8 20. Rxc3
Rxc7 21. Kd2 e5 22. Ra3 exd4 23. Rxa6 dxe3+ 24. fxe3 Rb8 25. c6 Rb2+ 26. Kc3
Rxg2 27. Rb1 Rg3 28. Kd3 Re7 29. Rb7 Rgxe3+ 30. Kd4 R7e5 31. c7 R5e4+ 32. Kc5
d4 33. Kd6 Re6+ 34. Kd7 Re7+ 35. Kc6 R3e6+ 36. Kb5 Rxc7 37. Rxc7 Rxa6 38. Kxa6
Kg7 39. Kxa7 Kf6 40. Rd7 Ke6 41. Rxd4 Ke7 42. Kb6 f5 43. Kc6 f4 44. a4 1-0

[Event "OPEN 2024"]
[Site "SAINT DENIS LA REUNION"]
[Date "2024.10.12"]
[Round "6.1"]
[White "Riviere, Etienne"]
[Black "Libiszewski, Fabien"]
[Result "0-1"]
[WhiteElo "1977"]
[BlackElo "2492"]
[PlyCount "50"]
[EventDate "2024.??.??"]

1. Nf3 Nf6 2. c4 g6 3. b3 Bg7 4. Bb2 d6 5. g3 c5 6. Bg2 e5 7. O-O Nc6 8. e3 O-O
9. d4 e4 10. Nfd2 Re8 11. a3 Bg4 12. Qc2 Be2 13. Re1 Bd3 14. Qd1 Nd7 15. Nc3 f5
16. d5 Nce5 17. f4 exf3 18. Nxf3 Nxf3+ 19. Bxf3 Be4 20. Ra2 Bxf3 21. Qxf3 Qa5
22. e4 Bd4+ 23. Kg2 Ne5 24. Qd1 Bxc3 25. Bxc3 Qxc3 0-1

[Event "OPEN 2024"]
[Site "SAINT DENIS LA REUNION"]
[Date "2024.10.12"]
[Round "6.2"]
[White "Mezouaghi, Miloud"]
[Black "Gretry, Patrice"]
[Result "1/2-1/2"]
[WhiteElo "2034"]
[BlackElo "1953"]
[PlyCount "140"]
[EventDate "2024.??.??"]

1. c4 c5 2. Nc3 Nf6 3. g3 d5 4. cxd5 Nxd5 5. Bg2 Nc7 6. d3 e5 7. Be3 Nd7 8. Rc1
Rb8 9. Nf3 Be7 10. O-O O-O 11. Nd2 b6 12. Qa4 a6 13. a3 Ne6 14. b4 b5 15. Qb3
Nd4 16. Qb2 Nb6 17. Rfe1 cxb4 18. axb4 Qd6 19. Rb1 f5 20. Nb3 Qxb4 21. Nxd4
Qxb2 22. Rxb2 exd4 23. Bxd4 Bf6 24. Bxf6 Rxf6 25. Ra1 Rd6 26. f4 Kf7 27. Kf2
Ke6 28. h3 g6 29. Bf3 Rd4 30. Ke3 Rd6 31. Rb4 Bb7 32. Bxb7 Rxb7 33. Rd4 Rc6 34.
Kd2 b4 35. Rxb4 Ra7 36. Rab1 Nd7 37. Rb7 Ra8 38. Na4 Rd8 39. Rc1 Kd6 40. Rxc6+
Kxc6 41. Rb4 a5 42. Rc4+ Kb5 43. Rd4 Kc6 44. e4 fxe4 45. dxe4 Rb8 46. Kc3 Rb1
47. e5 Re1 48. Rd6+ Kc7 49. Kc4 Rb1 50. Nc3 Rb4+ 51. Kd3 Nc5+ 52. Kc2 Rc4 53.
Rd4 Rxd4 54. Nb5+ Kc6 55. Nxd4+ Kd5 56. Nb3 Ne4 57. Nxa5 Nxg3 58. Kd3 g5 59.
Ke3 Nh5 60. fxg5 Kxe5 61. Kf3 Kf5 62. h4 Nf4 63. Nc4 Ne6 64. Ne3+ Kg6 65. Kg4
h5+ 66. gxh6 Kxh6 67. Nf5+ Kh7 68. Ng3 Kg6 69. h5+ Kh6 70. Nf5+ Kh7 1/2-1/2

[Event "OPEN 2024"]
[Site "SAINT DENIS LA REUNION"]
[Date "2024.10.12"]
[Round "6.3"]
[White "Larroque, Luca"]
[Black "Quere, Alexandre"]
[Result "0-1"]
[WhiteElo "1655"]
[BlackElo "1989"]
[PlyCount "52"]
[EventDate "2024.??.??"]

1. e4 Nf6 2. e5 Nd5 3. d4 d6 4. c4 Nb6 5. f4 dxe5 6. fxe5 c5 7. d5 g6 8. Nc3
Bg7 9. Bf4 O-O 10. Qd2 e6 11. O-O-O exd5 12. cxd5 Bg4 13. Re1 c4 14. h3 Bf5 15.
g4 Bd3 16. Bxd3 cxd3 17. Qxd3 Na6 18. Qe4 Rc8 19. Kb1 Nc4 20. Rh2 Re8 21. Qd4
Qa5 22. Nf3 Qb4 23. Ne4 Rxe5 24. Bxe5 Na3+ 25. Ka1 Qxe1+ 26. Nxe1 Rc1# 0-1

[Event "OPEN 2024"]
[Site "SAINT DENIS LA REUNION"]
[Date "2024.10.12"]
[Round "6.4"]
[White "Daniel, Antoine"]
[Black "Hoarau, Antoine"]
[Result "0-1"]
[WhiteElo "1975"]
[BlackElo "1722"]
[PlyCount "62"]
[EventDate "2024.??.??"]

1. Nf3 Nf6 2. g3 g6 3. Bg2 Bg7 4. d4 O-O 5. c4 d6 6. O-O Nc6 7. Nc3 e5 8. d5
Nb8 9. e4 a5 10. Qc2 Na6 11. b3 Nc5 12. a3 a4 13. b4 Nb3 14. Rb1 Bd7 15. Bb2 b6
16. Rbd1 Ne8 17. Ne2 f5 18. Nd2 Nf6 19. exf5 gxf5 20. Nxb3 axb3 21. Qc1 f4 22.
Rd3 f3 23. Bxf3 e4 24. Bxf6 Qxf6 25. Bxe4 Rae8 26. Nc3 Bh3 27. Bg2 Bf5 28. Rf3
Qg6 29. Qb2 Bd3 30. Rxf8+ Rxf8 31. Qxb3 Bxf1 0-1

[Event "OPEN 2024"]
[Site "SAINT DENIS LA REUNION"]
[Date "2024.10.12"]
[Round "6.5"]
[White "Carnazzi, Gabriel"]
[Black "Folio, Thomas"]
[Result "0-1"]
[WhiteElo "1643"]
[BlackElo "1850"]
[PlyCount "54"]
[EventDate "2024.??.??"]

1. d4 Nf6 2. c4 e6 3. g3 d5 4. Nf3 b6 5. Bg2 Bd6 6. O-O h6 7. Qc2 O-O 8. a3
Nbd7 9. cxd5 exd5 10. b4 Bb7 11. Nc3 a6 12. Nh4 Re8 13. Nf5 Bf8 14. h4 c5 15.
bxc5 bxc5 16. dxc5 Nxc5 17. Nd4 Rc8 18. Bd2 Nce4 19. Qb2 Ba8 20. Rfc1 Bc5 21.
Na4 Rb8 22. Bb4 Ba7 23. Nb3 Bxf2+ 24. Kf1 Nxg3+ 25. Kxf2 Rxe2+ 26. Qxe2 Nxe2
27. Kxe2 Qe8+ 0-1